00525 2200193 4500001002100000005001500021035002000036007000300056008004100059020001800100082001000118084001600128100001900144245005400163260004500217300002400262650002400286990002100310INLIS00000000000039720220616075934 a0010-0622000057ta220616 0 ind  a9786021143292 a155.2 a155.2 AST p0 aAstri Yulianda1 aPendidikan karakter bangsa 16 : peduli lingkungan aJakarta :bMustika Pustaka Negeri,c2017 a70 :bilus ;c29 cm 4apendidikan karakter a316/SMPN7/SBY/18